000 00614nam a2200181 i 4500
001 49364
003 ES-MaACL
005 20230906161933.0
007 t|
008 030715s1936 fr ||||1| fre d
100 1 _aCorti, Egon Caesar
_cconte.
_940928
245 1 0 _aElisabeth
_b: Imperatrice d'Autriche /
_cComte Egon Cesar Corti ; traduit de l'allemand par Marguerite Diehl.
260 _aParis :
_bPayot,
_c1936.
300 _a470 p. ;
_c23 cm.
600 0 4 _aIsabel
_cEmperatriz consorte de Francisco José I, Emperador de Austria.
_965519
700 1 _aDiehl, Marguerite.
_944593
852 _aES-MaACL
_jA-4476
999 _c49364
_d49364